Asian Capital "Hangman" - Randomized - Statistics

General Stats
  • This quiz has been taken 2,392 times
  • The average score is 4 of 7
Answer Stats
Spelling % Correct
A
98%
A
98%
A
98%
A
97%
A
97%
A
94%
A
94%
A
93%
I
93%
E
89%
E
88%
I
86%
I
86%
I
85%
I
85%
I
85%
E
82%
E
82%
I
80%
I
80%
I
80%
N
73%
O
71%
B
69%
N
68%
O
68%
G
67%
S
66%
B
65%
J
65%
N
64%
S
64%
T
63%
T
63%
L
62%
N
60%
R
60%
R
59%
K
57%
B
56%
J
56%
S
51%
T
51%
U
51%
B
49%
Y
48%
C
47%
G
47%
V
47%
K
46%
K
46%
H
42%
M
39%
H
38%
H
38%
K
38%
K
38%
P
37%
B
36%
H
26%
G
23%
D
22%
D
22%
No matching quizzes found
Score Distribution
Percent of People with Each Score
Percentile by Number Answered
Your Score History
You have not taken this quiz